000 00808cab a2200253 4500
001 ABS67590
008 040312n2004 000 0 eng u
035 _a(Sirsi) u125406
245 _aFocus 1 update: Northern Ireland
260 _c2004
490 _aEstates Gazette
_v(0409) 28 February 2004, 71-79(5)
590 _aABS
650 _aNORTHERN IRELAND
650 _aBELFAST
650 _aFOREIGN INVESTMENT
650 _aINDUSTRIAL MARKET
650 _aPROPERTY-COMMERCIAL PROPERTY-OFFICE PROPERTY-OFFICE PROPERTY MARKET
650 _aPROPERTY-COMMERCIAL PROPERTY-RETAIL PROPERTY-RETAIL PROPERTY MARKET
650 _aCAREERS, EDUCATION AND TRAINING
650 _aRECRUITMENT
650 _aRENTAL GROWTH
690 _aPROPERTY-COMMERCIAL PROPERTY-COMMERCIAL PROPERTY MARKET
942 _n0
999 _c74262
_d74262